Počítače a programovanie : programovanie v jazyku Pascal : celoštátna vysokoškolská príručka pre elektrotechnické fakulty vysokých škôl /

Main Author: Molnár, Ľudovít, 1940-
Language: Slovak
Published: Bratislava : Alfa, 1987
Edition: 1. vyd.
Series: Edícia výpočtovej techniky
Physical Description: 158 s.
Book
Saved in:
LEADER 01297nam a22003012a 4500
001 000280727
003 CZ BrMZK
005 20090415090122.0
007 ta
008 980107s1987 xo f slo d
040 |a BOA001  |b cze 
080 |a 519.682(075.8)  |2 MRF 
100 1 |a Molnár, Ľudovít,  |d 1940-  |7 jo2003193199  |4 aut 
245 1 0 |a Počítače a programovanie :  |b programovanie v jazyku Pascal : celoštátna vysokoškolská príručka pre elektrotechnické fakulty vysokých škôl /  |c Ľudovít Molnár 
250 |a 1. vyd. 
260 |a Bratislava :  |b Alfa,  |c 1987 
300 |a 158 s. 
490 1 |a Edícia výpočtovej techniky 
504 |a Obsahuje bibliografii 
830 0 |a Edícia výpočtovej techniky 
910 |a BOA001  |b PK-0105.295  |b TK-0234.087 
920 |a 000228759 
964 |a Pascal - programování - učebnice - školy vysoké 
990 |a BK 
996 7 |b 2629961115  |c TK-0234.087  |l MZK  |r Sklad / do 24 hodin  |n 0  |w 000280727  |u 000030  |a 1  |e BOA001  |j MZK50  |s A 
996 7 |b 2629996972  |c TK-0234.087  |l MZK  |r Sklad / do 24 hodin  |n 1  |w 000280727  |u 000020  |a 1  |e BOA001  |j MZK50  |s A 
996 7 |b 2629996973  |c TK-0234.087  |l MZK  |r Sklad / do 24 hodin  |n 0  |w 000280727  |u 000040  |a 1  |e BOA001  |j MZK50  |s A 
996 7 |b 3119918985  |c PK-0105.295  |l MZK  |r Sklad / do 1 hodiny  |n 1  |w 000280727  |u 000010  |a 1  |e BOA001  |j MZK50  |s A